The fundamental importance of buildings in future EU energy saving policies (Record no. 82561)

MARC details
000 -LEADER
fixed length control field 01198cad a22001935a 4500
001 - CONTROL NUMBER
control field L150569
008 - FIXED-LENGTH DATA ELEMENTS--GENERAL INFORMATION
fixed length control field 100729e2010 xxk 000 0 eng d
035 ## - SYSTEM CONTROL NUMBER
System control number (Sirsi) u150569
041 0# - LANGUAGE CODE
Language code of text/sound track or separate title eng
110 2# - MAIN ENTRY--CORPORATE NAME
Corporate name or jurisdiction name as entry element Energy Efficiency Action Plan Taskforce of the Construction Sector
245 04 - TITLE STATEMENT
Title The fundamental importance of buildings in future EU energy saving policies
Remainder of title a paper prepared by a taskforce of actors and stakeholders from the European construction sector
Medium [electronic resource]
260 ## - PUBLICATION, DISTRIBUTION, ETC.
Place of publication, distribution, etc. [S.l.]
Name of publisher, distributor, etc. E2APT
Date of publication, distribution, etc. 2010
520 ## - SUMMARY, ETC.
Summary, etc. Emphasises the importance of Europe leading the way to a sustainable, smart and inclusive future by example, showing that the European way of life does not have to be unsustainably energy intensive; need to set binding targets; energy efficiency in buildings; deep energy renovation of buildings; RICS is one of the organisations involved and/or consulted under this E2APT Initiative.
590 ## - LOCAL NOTE (RLIN)
Local note KA
651 #4 - SUBJECT ADDED ENTRY--GEOGRAPHIC NAME
Geographic name Europe
690 ## - LOCAL SUBJECT ADDED ENTRY--TOPICAL TERM (OCLC, RLIN)
Topical term or geographic name as entry element ENVIRONMENTAL AND LAND CONSULTANCY-ENERGY-ENERGY USE-ENERGY EFFICIENCY
856 40 - ELECTRONIC LOCATION AND ACCESS
Uniform Resource Identifier <a href="https://www.rics.org/site/download_feed.aspx?fileID=6990&fileExtension=PDF">https://www.rics.org/site/download_feed.aspx?fileID=6990&fileExtension=PDF</a>
Public note View the item free of charge at www.rics.org
942 ## - ADDED ENTRY ELEMENTS (KOHA)
Suppress in OPAC 0
Holdings
Withdrawn status Lost status Source of classification or shelving scheme Damaged status Not for loan Home library Current library Shelving location Date acquired Total Checkouts Full call number Barcode Date last seen Copy number Price effective from Koha item type
    Dewey Decimal Classification     Virtual Virtual Online 29/07/2010   ONLINE PUBLICATION 150569-2001 06/08/2019 1 06/08/2019 Book